| 000 | 00818cam8a220025300 4500 | ||
|---|---|---|---|
| 001 | lce00647289 | ||
| 008 | 701012c19681952nyuac b 000 0 eng | ||
| 010 | _a 68022118 | ||
| 020 | _c18.50 | ||
| 035 | _a(Sirsi) r94729 | ||
| 035 | _a(DLC) 68022118 | ||
| 035 | _a(UPRA)lce00647289 | ||
| 050 | 0 |
_aQL391.C4 _bW28 1968 |
|
| 082 | _a595/.121 | ||
| 100 | 1 |
_aWardle, Robert Arnold, 1890- _dWardle, Robert Arnold, 1890- _6A53389.1 |
|
| 245 | 1 | 4 |
_aThe zoology of tapeworms, _cby Robert A. Wardle and James Archie McLeod. |
| 260 |
_aNew York, _bHafner Pub. Co., _c1968 [c1952] |
||
| 500 | _aFirst published in 1952. | ||
| 504 | _aBibliography: p. 669-773. | ||
| 650 | 0 |
_aCestoda. _6S10480.1 |
|
| 700 | 1 |
_aMcLeod, James Archie. _6A53390.1 |
|
| 949 |
_aQL391.C4 _wlcc _i-133620 _mMAIN _tBOOK _lON-SHELF |
||
| 004 | 94729 | ||
| 999 |
_c134077 _d134077 |
||